000 00854cam a22002653a 4500
001 6791
003 PGUSA
005 20140828083137.0
008 041208s2004||||xxu|||||s|||||000 | eng d
040 _aPGUSA
_beng
042 _adc
050 4 _aPT
100 1 _aSchiller, Friedrich,
_d1759-1805
245 1 0 _aMary Stuart :
_bA Tragedy
_h[electronic resource] /
_cFriedrich Schiller
260 _bProject Gutenberg,
_c2004
506 _aPublic domain in the USA.
516 _aElectronic text
653 _aMary, Queen of Scots, 1542-1587 -- Drama
653 _aScotland -- History -- Mary Stuart, 1542-1567 -- Drama
653 _aGreat Britain -- History -- Elizabeth, 1558-1603 -- Drama
700 1 _aMellish, Joseph Charles,
_d1768-1823
830 0 _aProject Gutenberg
_v6791
856 4 0 _uhttp://www.gutenberg.org/ebooks/6791
942 _cEB
999 _c236111
_d236111